An introduction to object-oriented programming with java 1.5 update with olc bi-card / (Record no. 346325)
[ view plain ]
| 000 -LEADER | |
|---|---|
| fixed length control field | 02077 a2200253 4500 |
| 003 - CONTROL NUMBER IDENTIFIER | |
| control field | OSt |
| 005 - DATE AND TIME OF LATEST TRANSACTION | |
| control field | 20180116182813.0 |
| 008 - FIXED-LENGTH DATA ELEMENTS--GENERAL INFORMATION | |
| fixed length control field | 161124b xxu||||| |||| 00| 0 eng d |
| 020 ## - INTERNATIONAL STANDARD BOOK NUMBER | |
| International Standard Book Number | 0073043915 |
| 020 ## - INTERNATIONAL STANDARD BOOK NUMBER | |
| International Standard Book Number | 9780073043913 |
| 040 ## - CATALOGING SOURCE | |
| Transcribing agency | 0 |
| 082 04 - DEWEY DECIMAL CLASSIFICATION NUMBER | |
| Classification number | 005.133 WU 2004 |
| 100 1# - MAIN ENTRY--PERSONAL NAME | |
| Personal name | (Otani), C. Thomas Wu. |
| 245 13 - TITLE STATEMENT | |
| Title | An introduction to object-oriented programming with java 1.5 update with olc bi-card / |
| Statement of responsibility, etc. | C. Thomas Wu (Otani) |
| 250 ## - EDITION STATEMENT | |
| Edition statement | 3nd ed. |
| 260 ## - PUBLICATION, DISTRIBUTION, ETC. | |
| Place of publication, distribution, etc. | [S.l.] : |
| Name of publisher, distributor, etc. | McGraw-Hill Science/Engineering/Math, |
| Date of publication, distribution, etc. | 2004. |
| 300 ## - PHYSICAL DESCRIPTION | |
| Extent | 962 p. ; |
| Dimensions | 24 cm. |
| Other physical details | PB. |
| 440 ## - SERIES STATEMENT/ADDED ENTRY--TITLE | |
| Title | An introduction to object-oriented programming with java 1.5 update with olc bi-card / |
| 500 ## - GENERAL NOTE | |
| General note | Paperback. |
| 520 ## - SUMMARY, ETC. | |
| Summary, etc. | An Introduction to Object-Oriented Programming with Java provides an accessible and thorough introduction to the basics of programming in java. This much-anticipated revision continues its emphasis on object-oriented programming. Objects are used early so students begin thinking in an object-oriented way, then later Wu teaches students to define their own classes. In the third edition, the author has eliminated the author-written classes, so students get accustomed to using the standard java libraries. In the new update, the author has included the Scanner Class for input, a new feature of Java 1.5. Also new is the use of smaller complete code examples to enhance student learning. The larger sample development programs are continued in this edition, giving students an opportunity to walk incrementally walk through program design, learning the fundamentals of software engineering. The number and variety of examples makes this a student-friendly text that teaches by showing. Object diagrams continue to be an important element of Wu's approach. The consistent, visual approach assists students in understanding concepts. |
| 856 40 - ELECTRONIC LOCATION AND ACCESS | |
| Materials specified | Amazon.com |
| Uniform Resource Identifier | <a href="http://www.amazon.com/exec/obidos/ASIN/0073043915/chopaconline-20">http://www.amazon.com/exec/obidos/ASIN/0073043915/chopaconline-20</a> |
| 856 40 - ELECTRONIC LOCATION AND ACCESS | |
| Materials specified | Amazon customer reviews |
| Uniform Resource Identifier | <a href="http://www.chopac.org/cgi-bin/tools/azrev.pl?q=0073043915">http://www.chopac.org/cgi-bin/tools/azrev.pl?q=0073043915</a> |
| 942 ## - ADDED ENTRY ELEMENTS (KOHA) | |
| Institution code [OBSOLETE] | NBS |
| Koha item type | Book |
| Call number prefix | 5.133 WU 2004 |
| Source of classification or shelving scheme | |
| Withdrawn status | Lost status | Damaged status | Not for loan | Permanent Location | Current Location | Date acquired | Total Checkouts | Full call number | Barcode | Date last seen | Date last checked out | Price effective from | Koha item type |
|---|---|---|---|---|---|---|---|---|---|---|---|---|---|
| Central Library (CL) | Central Library (CL) | 08/28/2013 | 1 | 5.133 THO | NBSD-209 | 11/22/2017 | 07/19/2017 | 08/28/2013 | Book |
